Ancient Greek Gods: Gods and Goddesses / (Record no. 292454)
[ view plain ]
| 000 -LEADER | |
|---|---|
| fixed length control field | 00527nam a2200193Ia 4500 |
| 008 - FIXED-LENGTH DATA ELEMENTS--GENERAL INFORMATION | |
| fixed length control field | 160319s9999 xx 000 0 und d |
| 245 ## - TITLE STATEMENT | |
| Title | Ancient Greek Gods: Gods and Goddesses / |
| 260 ## - PUBLICATION, DISTRIBUTION, ETC. (IMPRINT) | |
| Name of publisher, distributor, etc | Dolby Digital. |
| 260 ## - PUBLICATION, DISTRIBUTION, ETC. (IMPRINT) | |
| Date of publication, distribution, etc | NA |
| 300 ## - PHYSICAL DESCRIPTION | |
| Extent | 1 videodiscs : |
| 300 ## - PHYSICAL DESCRIPTION | |
| Other physical details | sound, color ; |
| 300 ## - PHYSICAL DESCRIPTION | |
| Dimensions | 4 3/4 in. |
| 650 ## - SUBJECT ADDED ENTRY--TOPICAL TERM | |
| Topical term or geographic name as entry element | Goddesses, Greek. |
| 650 ## - SUBJECT ADDED ENTRY--TOPICAL TERM | |
| Topical term or geographic name as entry element | Gods, Greek. |
| 650 ## - SUBJECT ADDED ENTRY--TOPICAL TERM | |
| Topical term or geographic name as entry element | Mythology, Greek. |
| 650 ## - SUBJECT ADDED ENTRY--TOPICAL TERM | |
| Topical term or geographic name as entry element | Thermopylae (Greece) -- |
| 650 ## - SUBJECT ADDED ENTRY--TOPICAL TERM | |
| Topical term or geographic name as entry element | Thermopylae, Battle of, Greece, 480 B.C. |
| 650 ## - SUBJECT ADDED ENTRY--TOPICAL TERM | |
| General subdivision | Fiction. |
| Withdrawn status | Lost status | Damaged status | Home library | Current library | Date acquired | Total Checkouts | Barcode | Date last seen | Price effective from | Koha item type |
|---|---|---|---|---|---|---|---|---|---|---|
| Stonyhurst Southville International School (Batangas) | Stonyhurst Southville International School (Batangas) | 03/19/2016 | AV-057 | 03/19/2016 | 03/19/2016 | Audio Visual Materials |